Expressions françaises - Lieu, Peuple, Nationalité (Mort Subite) - Statistiques

Statistiques générales
  • Ce quiz a été pris 341 fois
  • Le résultat moyen est 7 sur 14
Answers on the Grid
Answers color-coded by a green-red scale on the quiz's grid according to % correct below.
Être fort comme un ____
Être réglé comme une horloge ____
Être beau comme un dieu ____
Saoul comme un ____
En perdre son ____
Cousins à la mode de ____
Filer à l'____
Bâtir des châteaux en ____
Tous les chemins mènent à ____
____ vaut bien une messe
Le téléphone ____
Prendre une douche ____
Parler ____ comme une vache ____
C'est du ____
Être malin comme un ____
Suer comme un ____
Fier comme un ____
Dur comme ____
 
Statistiques - réponses
Réponse % Correct
Le mot manquant est "Grec" ! Être beau comme un dieu ____
70%
Le mot manquant est "Rome" ! Tous les chemins mènent à ____
70%
Le mot manquant est "Anglaise" ! Filer à l'____
63%
Le mot manquant est "Suisse" ! Être réglé comme une horloge ____
61%
Le mot manquant est "Latin" ! En perdre son ____
57%
Le mot manquant est "Arabe" ! Le téléphone ____
57%
Les mots manquants sont "Anglais" (ou "Français") et "Espagnole" ! Parler ____ comme une vache ____
49%
Le mot manquant est "Espagne" ! Bâtir des châteaux en ____
47%
Le mot manquant peut être "Bretagne" ou "Bourgogne" ! Cousins à la mode de ____
45%
Le mot manquant est "Polonais" ! Saoul comme un ____
44%
Le mot manquant est "Écossaise" ! Prendre une douche ____
41%
Le mot manquant est "Paris" ! ____ vaut bien une messe
41%
Le mot manquant est "Turc" ! Être fort comme un ____
40%
Le mot manquant peut-être "Chinois", "Javanais" ou "Russe" ! C'est du ____
28%
Aucun quiz correspondant
Distribution des résultats
% des personnes avec chaque résultat
Percentile par nombre de réponses
Votre historique - résultats
Vous n’avez pas pris ce quiz